000 00590naa a2200193 4500
001 132513
003 ES-MaBCM
005 20241016144708.0
008 060807s2006 fra|r0p 0 ||fre d
021 _axx
035 _a(OCoLC)1365196767
040 _cES-MaBCM
100 1 _aSainte-Marie, Jérôme
_973667
245 1 0 _aContre sens à Matignon
_cJérôme Sainte-Marie
651 4 _aFrancia
_9115364
650 2 7 _aSituación política
_960283
773 0 _aEn:
_tRevue politique et parlementaire
_dParis
_w104657
_g108 année, nº 1039 (avril-mai-juin 2006), p. 113-119
942 _cAREV
999 _c132513
_d132513